|
|
|
|
| LEADER |
00000cam a2200000 7i4500 |
| 001 |
0000005668 |
| 005 |
20220105104013.0 |
| 008 |
070808 |
| 020 |
|
|
|a 9838476463
|
| 090 |
0 |
0 |
|a JP
|b REG MAL (7078)
|
| 245 |
0 |
0 |
|a Kisah Nabi Sulaiman
|c Penyesuaian oleh Aini Jusoh
|
| 260 |
|
|
|a Petaling Jaya :
|b Syarikat Damai Bersama ,
|c 2006
|
| 440 |
|
|
|a Kisah para rasul
|
| 500 |
|
|
|a Children age 4-6 years old (yellow)
|
| 650 |
|
0 |
|a Junior preschool
|x Malay
|x Languages
|
| 650 |
|
0 |
|a Religion
|
| 999 |
|
|
|a 0000981236
|b Book
|c Children Collection
|e Cawangan Mersing
|
| 999 |
|
|
|a 0000981237
|b Book
|c Children Collection
|e Cawangan Segamat
|
| 999 |
|
|
|a 0000981239
|b Book
|c Children Collection
|e Desa - PPAJ
|
| 999 |
|
|
|a 0000981240
|b Book
|c Children Collection
|e Desa - PPAJ
|